Seni Pengurusan Jepun
| Main Author: | |
|---|---|
| Other Authors: | |
| Format: | Book |
| Published: |
Kuala Lumpur :
Dewan Bahasa dan Pustaka ,
1988
|
| Subjects: |
MARC
| LEADER | 00000cam a2200000 7i4500 | ||
|---|---|---|---|
| 001 | 0000001058 | ||
| 005 | 20050506.0 | ||
| 020 | |a 9836202641 | ||
| 040 | |a INS | ||
| 090 | 0 | 0 | |a HD31 |b P362 1988 |
| 100 | 1 | |a Athus, Anthony G. | |
| 245 | 1 | 0 | |a Seni Pengurusan Jepun |c Anthony G. Athus & Richard Tanner Pascale |
| 260 | |a Kuala Lumpur : |b Dewan Bahasa dan Pustaka , |c 1988 | ||
| 300 | |a 237p ; |c 22cm. | ||
| 650 | 0 | 0 | |a Management |x Decision Making |z Japan |
| 700 | 1 | |a Pascale, Richard Tanner | |
| 999 | |a 0000003399 |b BOOK |c Open Shelf |e Default branch | ||